An arrant knave and other plays /

Bibliographic Details
Main Author: MacKaye, Steele, 1842-1894
Other Authors: MacKaye, Percy, 1875-1956
Format: Book
Published: Princeton, N. J. : Princeton University Press, 1941.
Series:America's lost plays ; v. 11.
Subjects:

MARC

Tag First Indicator Second Indicator Subfields
LEADER 00000cam a2200000 4500
001 in00003461908
005 20151206105329.0
008 910607s1941 00100 ENG c
040 |d UtOrBLW 
090 |a PS623.A1  |b A6 vol.11 
100 1 |a MacKaye, Steele,  |d 1842-1894. 
245 1 3 |a An arrant knave and other plays /  |c by Steele MacKaye; edited with introduction by his son Percy MacKaye. 
264 1 |a Princeton, N. J. :  |b Princeton University Press,  |c 1941. 
300 |a 234 pages :  |b illustrations ;  |c 25 cm. 
336 |a text  |b txt  |2 rdacontent 
337 |a unmediated  |b n  |2 rdamedia 
338 |a volume  |b nc  |2 rdacarrier 
490 1 |a America's lost plays ;  |v v. 11 
650 0 |a American drama. 
700 1 |a MacKaye, Percy,  |d 1875-1956. 
700 1 2 |a MacKaye, Steele,  |d 1842-1894.  |t Rose Michel. 
700 1 2 |a MacKaye, Steele,  |d 1842-1894.  |t Won at last. 
700 1 2 |a MacKaye, Steele,  |d 1842-1894.  |t In spite of all. 
830 0 |a America's lost plays ;  |v v. 11. 
999 |a MARS 
999 f f |s 013f169e-d295-39ac-a82a-43ba19385b94  |i e266ab46-8cbe-363d-a52c-275e67a84225  |t 0 
952 f f |p ric  |a Texas A&M University  |b Rellis Campus  |c Joint Library Facility  |d Remote Storage  |t 0  |e PS623.A1 A6 vol.11  |h Library of Congress classification  |i unmediated -- volume  |m 32060000729760 
998 f f |a PS623.A1 A6 vol.11  |t 0  |l Remote Storage